El impacto del ajuste por inflación contable para activos en empresas agropecuarias, clubes de fútbol y constructoras (Registro nro. 12627)

Detalles MARC
000 -LEADER
fixed length control field 00465 a2200133 4500
001 - CONTROL NUMBER
control field ART_51921
005 - DATE AND TIME OF LATEST TRANSACTION
control field 20260410161633.0
008 - FIXED-LENGTH DATA ELEMENTS--GENERAL INFORMATION
fixed length control field 260409a
100 1# - MAIN ENTRY--PERSONAL NAME
Personal name Bello, Alberto M.
245 10 - TITLE STATEMENT
Title El impacto del ajuste por inflación contable para activos en empresas agropecuarias, clubes de fútbol y constructoras
700 1# - ADDED ENTRY--PERSONAL NAME
Personal name Grand, Mónica N.
700 1# - ADDED ENTRY--PERSONAL NAME
Personal name Zabala Chiaradía, Melisa Lucía
773 0# - HOST ITEM ENTRY
Title Enfoques
Related parts - N°4 (abr. 2020)
Record control number REV416

No hay ítems disponibles.